Manual de laparoscopia y gastroscopia / (Record no. 86163)

MARC details
000 -LEADER
campo de control de longitud fija 00706nam a2200205 i 4500
001 - NÚMERO DE CONTROL
campo de control 86163
003 - IDENTIFICADOR DE NÚMERO DE CONTROL
campo de control ES-MaACL
005 - FECHA Y HORA DE LA ÚLTIMA TRANSACCIÓN
campo de control 20230906175404.0
007 - CAMPO FIJO DE DESCRIPCIÓN FÍSICA--INFORMACIÓN GENERAL
campo de control de longitud fija t|
008 - DATOS DE LONGITUD FIJA--INFORMACIÓN GENERAL
campo de control de longitud fija 041209s1957 sp ||||1| spa d
100 1# - ENTRADA PRINCIPAL--NOMBRE DE PERSONA
Nombre de persona Kalk, Heinz.
9 (RLIN) 67453
245 10 - MENCIÓN DEL TÍTULO
Título Manual de laparoscopia y gastroscopia /
Mención de responsabilidad, etc. Heinz Kalk, W. Brühl ; con la colaboración de W. Burgmann ; [traducción directa del alemán por J. Bartolomé Iraeta].
250 ## - MENCION DE EDICION
Mención de edición [1ª ed. española].
260 ## - PUBLICACIÓN, DISTRIBUCIÓN, ETC.
Lugar de publicación, distribución, etc. Madrid :
Nombre del editor, distribuidor, etc. Alhambra,
Fecha de publicación, distribución, etc. [1957] (
Fabricante Blass)
300 ## - DESCRIPCIÓN FÍSICA
Extensión 173 p. :
Otras características físicas il. ;
Dimensiones 24 cm.
700 1# - ENTRADA AGREGADA--NOMBRE PERSONAL
Nombre de persona Bartolomé Iraeta, Jesús.
9 (RLIN) 26170
700 1# - ENTRADA AGREGADA--NOMBRE PERSONAL
Nombre de persona Burgmann, W.
9 (RLIN) 32640
700 1# - ENTRADA AGREGADA--NOMBRE PERSONAL
Nombre de persona Brühl, W.
9 (RLIN) 32111
852 ## - LOCALIZACIÓN
Ubicación ES-MaACL
Número de control de estantería C-13245
Sublocalización o colección R.40840
Holdings
Estatus retirado Estado de pérdida Estado de daño No para préstamo Biblioteca de origen Biblioteca actual Ubicación en estantería Fecha de adquisición Fuente de adquisición Total de préstamos Signatura topográfica completa Código de barras Visto por última vez Precio de reemplazo Tipo de ítem Koha
        Biblioteca del Ateneo de Madrid Biblioteca del Ateneo de Madrid Sala Palomar 17/01/2008     C-13245 1090031 23/02/2023 23/02/2023 Libro impreso